Ethics and Social Licence in the Blue Economy
Gespeichert in:
| Weitere Verfasser: | , |
|---|---|
| Format: | Buch |
| Sprache: | Englisch |
| Veröffentlicht: |
Abingdon
Routledge/Taylor & Francis Group
2026
|
| Ausgabe: | 1st Edition |
| Schlagworte: | |
| Tags: |
Keine Tags, Fügen Sie das erste Tag hinzu!
|
MARC
| LEADER | 00000nam a2200000 4500 | ||
|---|---|---|---|
| 001 | 0315327 | ||
| 005 | 20260318132414.2 | ||
| 020 | |a 9781040816516 | ||
| 041 | 0 | |a eng | |
| 044 | |a GB | ||
| 245 | 1 | 0 | |a Ethics and Social Licence in the Blue Economy |c Edited by Hugh Breakey and Charles Sampford |
| 250 | |a 1st Edition | ||
| 264 | 1 | |a Abingdon |b Routledge/Taylor & Francis Group |c 2026 | |
| 300 | |a 259 s. | ||
| 500 | |a ProQuest e-books. | ||
| 610 | 2 | 0 | |a ekonomika modrá |
| 610 | 2 | 0 | |a licencie |
| 610 | 2 | 0 | |a etika |
| 610 | 2 | 0 | |a ochrana prostredia životného |
| 700 | 1 | |a Breakey, Hugh | |
| 700 | 1 | |a Sampford, Charles | |